|
|
|
|
| LEADER |
00000nam a2200000Ia 4500 |
| 008 |
170214b2012 cr ||||| |||| 00| | spa d |
| 999 |
|
|
|c 572
|d 572
|
| 020 |
|
|
|a 9789968412223
|
| 090 |
|
|
|a 06.03.04
|b 1664
|
| 100 |
1 |
|
|a Irala, Jokin de
|9 2452
|
| 245 |
1 |
0 |
|a Educación sexual e ideología: jóvenes en la encrucijada /
|c Jokin de Irala; Ignacio Gómara
|
| 260 |
|
|
|a San José, Costa Rica :
|b PROMESA,
|c 2012
|
| 300 |
|
|
|a 51 páginas
|
| 490 |
|
|
|a Educación afectivo-sexual
|v 1
|
| 650 |
1 |
4 |
|a EDUCACIÓN SEXUAL
|9 1552
|
| 650 |
1 |
4 |
|a JOVEN
|9 2453
|
| 650 |
1 |
4 |
|a FAMILIA
|9 404
|
| 650 |
1 |
4 |
|a SOCIEDAD
|9 396
|
| 700 |
1 |
|
|a Gómara, Ignacio
|9 2454
|
| 942 |
|
|
|i 00233
|h 06.03.04 1664
|2 z
|c 01
|